L'Hostalera / Carlo Goldoni ; traducció de Núria Furió i Sergi Belbel ; pròleg de Carlo Goldoni ; postfaci de Núria Furió
Descripción Física:
131 p. , 17 cm
Colección:
Col·lecció de teatre clàssic universal ; 47
MARC
| LEADER | 00000nam a2200000Ia 4500 | ||
|---|---|---|---|
| 001 | 11454 | ||
| 008 | 160829s1996 xx 000 0 cat d | ||
| 080 | |a L-1-188 | ||
| 100 | |a Goldoni, Carlo |9 22880 | ||
| 245 | |a L'Hostalera / Carlo Goldoni ; traducció de Núria Furió i Sergi Belbel ; pròleg de Carlo Goldoni ; postfaci de Núria Furió | ||
| 260 | |a Barcelona : |b Institut del Teatre. Diputació de Barcelona, |c 1996 | ||
| 300 | |a 131 p. , 17 cm | ||
| 490 | |a Col·lecció de teatre clàssic universal ; 47 | ||
| 700 | 1 | |a Furió, Núria |e traductor |9 27077 | |
| 700 | |a Belbel, Sergi, |d 1963- |e traductor |9 35428 | ||
| 710 | 1 | |a Institut del Teatre (Barcelona, Catalunya) |9 52662 | |
| 901 | |a Arxiu | ||
| 942 | |n 1 |2 udc | ||
| 952 | |0 0 |1 0 |4 0 |6 L1188 |7 1 |9 44260 |a Arxiu |b Arxiu |d 2016-12-01 |l 0 |o L-1-188 |p 11454 |r 2016-12-01 00:00:00 |w 2016-12-01 |y ARXIU | ||
| 999 | |c 46840 |d 46840 | ||